01230nam a22003377a 4500003000500000005001700005008004100022010001000063011001000073035001000083040000900093082001600102100002900118245005800147260004200205300001100247590004100258590004100299590004100340590004100381590004100422590004200463650006000505650003500565700002800600901000700628942001000635949008400645999001700729952014600746CHAP20220329135650.0971013s1991 r 00010 d a40178 a41150 a45276 cCHAP a333.913bS500aSmall, Leslie E.9106910 aFarmer-financed irrigationb: the economics of reform aLondon :bCambridge University,c1991 a233 p. aBATCH-UPDb10c20130110lUCH01h0136 aBATCH-UPDb10c20130110lUCH01h2131 aBATCH-UPDb10c20130409lUCH01h2133 aBATCH-UPDb10c20130410lUCH01h1441 aBATCH-UPDb10c20130914lUCH01h0858 aCONVERSIONb10c20130109lUCH01h132214aIrrigaciónxCostosxPaíses subdesarrollados.96040014aIrrigaciónxFinanzas.9604110 aCarruthers, Ian.919592 aBK cLIBRO a333.913 S5bBCcLIBROd33724000001160eLIBROgI.176204h88328i45276sit256.47 c40178d40178 00102ddc4052708GRALaBCbBCcPA_GRALd2019-12-31eI.176204fLIBROl0o333.913 S5p33724000001160r2019-12-31 00:00:00w2019-12-31yLIBRO